000 00423nab a2200145Ia 4500
003 ES-SlBCS
005 20210601124327.0
008 140529s1997 xxu||||| |||| 00| 0 eng d
041 _aeng
100 1 _aMorse, Jane Fowler
_9139832
245 0 0 _aFostering Autonomy
_c Jane Fowler Morse
650 0 4 _aAutonomía Educativa
_9139833
773 0 _tEducational Theory
_gvol. 47, nº. 1, 1997, págs. 31-50
_wRev1399
942 _cAR
999 _c513010
_d513010